000 00489nam a22001817a 4500
005 20230817140314.0
008 230817b |||||||| |||| 00| 0 eng d
020 _a978-81-312-5547-6
041 _aeng
082 _a616.7
100 _aKOTWAL, PRAKASH AND MITTAL, KANCHAN
_97950
245 _aJOSHI AND KOTWAL'S ESSENTIALS OF ORTHOPAEDICS AND APPLIED PHYSIOTHERAPY
250 _a4TH, ED,
260 _aHARYANA
_bELSEVIER
_c2020
300 _a686;p
650 _aBPT
_97951
942 _cBK
999 _c8372
_d8370